| 000 | 01618nam0a22003011 4500 | ||
|---|---|---|---|
| 001 | rc\196615 | ||
| 005 | 20260407011235.0 | ||
| 035 | _a(NLR Aleph) 008748230 | ||
| 090 |
_a9559410 _c9559410 |
||
| 100 | _a20030307d1991 |||y0rusy50 ca | ||
| 101 | 0 |
_arus _aspa |
|
| 102 | _aRU | ||
| 105 | _aa ||||||||| | ||
| 200 | 1 |
_aТаир Салахов _dTair Salajov _e[Выст. произведений] _eКаталог _f[Пер. Е. Беловой _gСост. Ш.М. Анаркулова _gАвт. вступ. ст. Ю.Э. Осмоловский] |
|
| 210 |
_aМ. _cСов. художник _aМехико _cБ. и. _d1991 |
||
| 215 |
_a[69] с. _cил., цв. ил. _d29 |
||
| 300 | _aВ надзаг.: М-во иностр. дел Мексики, Посольство Мексики в СССР, Нац. совет по культуре и искуству Мексики, нац. ин-т изящ. искусств, Музей Диего Риверы, Союз художников СССР, Посольство СССР в Мексике | ||
| 300 | _aТекст парал. на рус. и исп. яз. | ||
| 510 | 0 | _aTair Salajov | |
| 600 | 1 |
_aСалахов _bТ. _gТаир _f1928 _xВыставки _yМехико _z1991 _2nlr_sh1 |
|
| 702 | 1 |
_aАнаркулова _bШ.М. _gШарофат Мирзобабаевна _4220 |
|
| 710 | 1 | 0 |
_aСалахов, _gТаир _hВыставка произведений _f1991 _eМехико _3RU\NLR\AUTH\889998541 _9494482 |
| 801 | 0 |
_aRU _bNLR _gpsbo |
|
| 801 | 1 |
_aRU _bELAR _2rusmarc |
|
| 801 | 2 |
_aRU _bNLR _c20050408 _2rusmarc |
|
| 852 |
_aNLR _bЭ _jКП/С160 |
||
| 942 | _cBOOK | ||
| 980 | _aNB | ||